The art of structures: introduction to the functioning of structures in Architecture

Saved in:
Bibliographic Details
Main Author: Muttoni, Aurelio (Author)
Format: Book
Language:English
Published: Lausana EPFL Press 2011
Edition:1a. ed
Subjects:
Tags: Add Tag
No Tags, Be the first to tag this record!

MARC

LEADER 00000cam a2200000 a 4500
001 UCC1674
003 CL-VaPUC
008 171117e20110000sz |||||||||||||||||eng|d
020 |a 9782940222384 
082 0 4 |a 721  |b MUT  |2 21 
100 0 |a Muttoni, Aurelio  |e author  |9 595719 
245 1 4 |a The art of structures: introduction to the functioning of structures in Architecture 
250 |a 1a. ed 
300 |a 269 p 
942 |c BK 
945 |d 20171117 16:06:00  |a dcastane 
260 |a Lausana  |b EPFL Press  |c 2011 
650 0 |a Diseño arquitectónico   |9 265271 
650 0 |a Diseño estructural  |9 498280 
650 0 |a Diseño de estructuras  |9 260345 
583 |a last modification  |c 20171117 16:06:00  |k Rodrigo Vera 
999 |c 370070  |d 370068 
952 |0 0  |1 0  |3 erb  |4 0  |6 721_000000000000000_MUT_2011  |7 0  |8 R  |9 486361  |a BIBARQ  |b BIBARQ  |i 5437318  |o 721 MUT 2011  |p 5437318  |r 2025-01-20  |w 2019-11-24  |y BK_R  |z Catalogado en:20171117  |k ARQ